000 00866nam a22002417a 4500
005 20110908145123.0
008 110908t xxu||||| |||| 00| 0 eng d
010 _aENG-103795
020 _c300.00
035 _aEN-87328
037 _bDBADPUB
040 _aDPL
_bEng
082 _a220.21
100 1 _934669
245 1 4 _aAncient Hindu law and administration :
_cedited by M.N.Joshi...[et al]
_bas reflected in Vedic and Smrti literature /
260 _aDharwad
_bKarnatak University
_c2006
270 _aRegistrar Karnatak University
_bDharwad
_e580003
300 _ax,276p.
_c22cm (pbk)
650 0 _934671
700 _934736
_aJoshi,M.N.
942 _2ddc
_cEN
_mANC
_h220.21
999 _c56627
_d56627